Statistieken voor Hoofdsteden per Letter - W

Klik hier om de quiz te nemen!

Algemene statistieken

  • Deze quiz is 414 keer genomen
  • De gemiddelde score is 4 van 5

Antwoordstatistieken

LandHoofdstad% Correct
PolenWarschau
92%
Verenigde StatenWashington D.C.
92%
OostenrijkWenen
87%
Nieuw-ZeelandWellington
86%
NamibiëWindhoek
67%

Scoreverdeling

Percentiel versus Aantal Correcte Antwoorden

Procent van Mensen met Elke Score

Uw Scoregeschiedenis

U heeft deze quiz nog niet genomen